01366nam a22003497a 4500003000500000005001700005008004100022010001000063011001000073035001000083040000900093090001000102100003200112245007600144260004000220300001900260502010000279590003700379590004100416590004100457590004100498590004200539650002000581710004900601901000700650942000900657949003500666949004000701999001700741952013100758952012700889CHAP20220817042106.0971013s1942 r 00010 d a34283 a35255 a39371 cCHAP aTesis00aLuna Ruiz, Fermín.969112 aPequeños ingenios para el incremento de la producción de piloncillo aChapingo, Méx. :bEl autor,c1942 a24 h.b: ilus. aTesis (Ing. Agr. Esp. en Industrias Agrícolas) -- ENA. Departamento de Industrias Agrícolas aALEPHb10c20130110lUCH01h1259 aBATCH-UPDb10c20130110lUCH01h2122 aBATCH-UPDb10c20130410lUCH01h1432 aBATCH-UPDb10c20130914lUCH01h1735 aCONVERSIONb10c20130109lUCH01h131917aPanela29880780 aENA. Departamento de Industrias Agrícolas. aBK cFOLL bBCcTESd-89772eTS1i39371si bBCcTESd-89773eTS2fc.2i39371si c34283d34283 00102local4053708TESISaBCbBCcPA_TESISd2012-12-17fFOLLl0oTesisp-89773r2019-12-31 00:00:00tc.2w2019-12-31yTESIS 00102local4051708TESISaBCbBCcPA_TESISd2012-12-17fTESISl0oTesisp-89772r2019-12-31 00:00:00w2019-12-31yTESIS